Encyklopedie komunikačních technik

Gespeichert in:
Bibliographische Detailangaben
1. Verfasser: Hurst, Bernice
Weitere Verfasser: Kučera, Jindřich, Špaček, Robert
Format: Buch
Sprache:Tschechisch
Veröffentlicht: Praha Grada 1994
Ausgabe:1. vyd.
Schlagworte:
Tags: Tag hinzufügen
Keine Tags, Fügen Sie das erste Tag hinzu!

MARC

LEADER 00000nam a2200000 4500
001 c009778
005 20221214074253.6
020 |a 80-85424-40-1 
041 0 |a cze 
044 |a CZ 
245 1 0 |a Encyklopedie komunikačních technik  |c Bernice Hurst ; [Z angl. prel.] Jindřich Kučera, Robert Špaček 
250 |a 1. vyd. 
264 1 |a Praha  |b Grada  |c 1994 
300 |a 299 s. 
610 2 0 |a komunikácia 
610 2 0 |a telekomunikácie 
610 2 0 |a štruktúra podniku organizačná 
610 2 0 |a informácie vnútropodnikové 
100 1 |a Hurst, Bernice 
700 1 |a Kučera, Jindřich 
700 1 |a Špaček, Robert